Strategické partnerství ve střední Evropě
Rozvíjajúca sa európska integrácia vyžaduje neustále prispôsobovanie sa realite všetkých zúčastnených štátov. Vznik neformálnych a flexibilných alianciíí v rámci euroregiónu. Koncepcia Strategického partnerstva. Fázy projektu Strategického partnerstva. Oblasti, ktoré strategické partnerstvo zahrňuje...
Salvato in:
| Autore principale: | |
|---|---|
| Altri autori: | |
| Natura: | Capitolo di libro |
| Lingua: | ceco |
| Soggetti: | |
| Tags: |
Nessun Tag, puoi essere il primo ad aggiungerne!!
|
MARC
| LEADER | 00000naa a2200000 4500 | ||
|---|---|---|---|
| 001 | r041899 | ||
| 005 | 20230927121113.8 | ||
| 041 | 0 | |a cze | |
| 044 | |a CZ | ||
| 245 | 1 | 0 | |a Strategické partnerství ve střední Evropě |c Klas Daublebsky, Gregor Schusterschitz |
| 520 | |a Rozvíjajúca sa európska integrácia vyžaduje neustále prispôsobovanie sa realite všetkých zúčastnených štátov. Vznik neformálnych a flexibilných alianciíí v rámci euroregiónu. Koncepcia Strategického partnerstva. Fázy projektu Strategického partnerstva. Oblasti, ktoré strategické partnerstvo zahrňuje. | ||
| 610 | 2 | 0 | |a spolupráca hospodárska medzinárodná |
| 610 | 2 | 0 | |a partnerstvo strategické |
| 610 | 2 | 0 | |a Európska únia |
| 610 | 2 | 0 | |a Európa |
| 610 | 2 | 0 | |a regióny |
| 610 | 2 | 0 | |a euroregióny |
| 610 | 2 | 0 | |a kooperácia hospodárska medzinárodná |
| 610 | 2 | 0 | |a Rakúsko |
| 610 | 2 | 0 | |a SVE |
| 100 | 1 | |a Daublebsky, Klas | |
| 700 | 1 | |a Schusterschitz, Gregor | |